000 01567nam a2200361Ia 4500
001 ebr10715402
003 CaPaEBR
006 m o u
007 cr cn|||||||||
008 120110s2012 miua sb 001 0beng d
010 _z 2012001065
020 _z0814338003 (cloth : alk. paper)
020 _z9780814338001 (cloth : alk. paper)
020 _z9780814338018
040 _aCaPaEBR
_cCaPaEBR
035 _a(OCoLC)830023623
050 1 4 _aBV2623.M38
_bW35 2012eb
082 0 4 _a284.1092
_aB
_223
100 1 _aWalton, Michael Thomson,
_d1945-
245 1 0 _aAnthonius Margaritha and the Jewish faith
_h[electronic resource] :
_bJewish life and conversion in sixteenth-century Germany /
_cMichael T. Walton.
260 _aDetroit :
_bWayne State University Press,
_cc2012.
300 _axvi, 242 p. :
_bill.
504 _aIncludes bibliographical references (p. 221-227) and index.
533 _aElectronic reproduction.
_bPalo Alto, Calif. :
_cebrary,
_d2013.
_nAvailable via World Wide Web.
_nAccess may be limited to ebrary affiliated libraries.
600 1 0 _aMargaritha, Anton,
_d1490-1537.
650 0 _aChristian converts from Judaism
_zGermany
_vBiography.
650 0 _aJudaism
_xRelations
_xChristianity.
650 0 _aChristianity and other religions
_xJudaism.
650 0 _aJudaism
_xHistory
_yMedieval and early modern period, 425-1789.
655 7 _aElectronic books.
_2local
710 2 _aebrary, Inc.
856 4 0 _uhttp://site.ebrary.com/lib/rucke/Doc?id=10715402
_zAn electronic book accessible through the World Wide Web; click to view
999 _c27066
_d27066